000 00526nam a2200193Ia 4500
003 GCL
008 140319s9999 xx 000 0 ara d
040 _aGCL /
_cGCL
082 0 4 _a791.435
_bس م
100 1 _aسمير فريد
245 1 0 _aمهرجان كان السينمائى 1946_1991 /
_cسمير فريد
260 _a[S.N] :
_bلا يوجد
300 _a147 ص
490 _a
650 0 4 _aالافلام السينمائية
650 0 4 _aالسينما
650 0 4 _aالمسابقات
942 _2ddc
_cBK
999 _c35691
_d35691